Регионална библиотека "Любен Каравелов" - Русе

Спортно-подготвителни упражнения и игри в детските градини (Запис номер 182642)

MARC детайли
000 -Лидер
Контролно поле с фиксирана дължина 01904nam a2200349 c 4500
003 - Код на организацията, давaща контролен номер
Контролно поле BLK
005 - Дата и час на последна редакция
Контролно поле 20190503171958.0
008 - Елементи от данни с фиксирана дължина
fixed length control field 180411b bul|||||r ||||||| ||bul||
010 ## - Наследен системен номер
LC control number KNG00191567000
040 ## - Източник на каталожния запис
Идентификатор на билиотеката - собственик на записа BLK
041 ## - Код за език
Код за езика на текст/звукозапис или на отделно заглавие Български
Код за езика КДБФ Български
080 ## - УДК
Текстов определител УДК Развиване на мисълта. Подвижни упражнения - Упражняване на вниманието и способността за различаване, наблюдаване на природата, гимнастика, ритмични упражнения, ръчна работа и др.
УДК код - определител по УДК 372.36
УДК определител
УДК - код + определител 372.36
100 1# - Редна дума - Автор
Автор Данчева, Руска Господинова
Авторска отговорност първи автор
R(LIN) 342987
139 ## - Редно поле
Редна дума Данчева, Руска Господинова и др.
Авторски знак Данч - Д 22
245 10 - Сведения за заглавието
Заглавие Спортно-подготвителни упражнения и игри в детските градини
Подзаглавни данни Метод. ръководство
Редно поле (дума) Руска Господинова Данчева; съавт. Мария Ганева; съавт. Костадинка Живкова.
257 ## - Страна на издаване
Страна на създаване/издаване България
260 ## - Област на издателските данни
-- София
Име на издателя, разпространителя и проч. Медицина и физкултура
Година на издаване 1985
300 ## - Физическа характеристика
Страници 151 с.
Илюстрации и др. с ил.
Размери/Мащаб 20 см
380 ## - Жанр
Жанр Обществени науки
500 ## - Общи забележки
Забележка Авт. не са отбелязани на кор.- Библиогр. с. 148-149
650 #4 - Допълнително описание по предмет – тема
Основно описание – тема или топоним Физическо възпитание - в детска градина - методика на преподаването
9 (RLIN) 308039
653 ## - Ключова дума – ненормативна
Ключова дума спортни игри
653 ## - Ключова дума – ненормативна
Ключова дума детски градини
653 ## - Ключова дума – ненормативна
Ключова дума ръководства
700 1# - Други автори (авторска отговорност)
Лично име Ганева, Мария
Автороска отговорност (Описва отношението между автора и произведението) съавт.
9 (RLIN) 372244
700 1# - Други автори (авторска отговорност)
Лично име Живкова, Костадинка
Автороска отговорност (Описва отношението между автора и произведението) съавт.
9 (RLIN) 342988
852 ## - Местоположение
Форматна сигнатура Цб 138865
856 4# - Електронен адрес и достъп
Електронен формат pdf - файл
Път до файла /url/
856 4# - Електронен адрес и достъп
Електронен формат pdf - файл
Път до файла /url/
942 ## - АРТИКУЛИ
Вид на библиотечния материал Книги
Скрит в OPAC Не
Koha issues (borrowed), all copies 1
944 ## - СЪЗДАВАНЕ И РЕДАКЦИЯ на ЗАПИСА
Създаване/Редакция Създаване
Дата на регистрацията/редакция 05.10.2016
Служител, извършил регистрацията/редакцията Христина_Везирева
944 ## - СЪЗДАВАНЕ И РЕДАКЦИЯ на ЗАПИСА
Създаване/Редакция Редакция
Дата на регистрацията/редакция 07.10.2016
Служител, извършил регистрацията/редакцията Христина_Везирева
999 ## - СИСТЕМНИ КОНТРОЛНИ НОМЕРА
Koha biblionumber 182642
Koha biblioitemnumber 182642
Наличности
Код за отписване Код за изгубен артикул Източник на класификационната схема Код за повреда Коз за рестрикции Код за отдаване Артикулен № Име на библиотеката - собственик Име на библиотеката, в която се намира в момента Статус (Текущо местоположение) Дата на вписване в системата Местоположение - отдел Цена в лева Инвентарен номер Систематично азбучна сигнатура Баркод Номер на екземпляра Цена в евро Служебна бележка Служебен тип на артикула
  Не е изгубен Universal Decimal Classification Не е повреден без рестрикции ползва се в читалня 313948 Регионална библиотека "Любен Каравелов" Русе Регионална библиотека "Любен Каравелов" Русе Хранилище 1985-01-01 Хранилище 1.10 441075 Цб 138865 120000441075 1 0.56 Вид: Сф N: стар фонд Дата: 01.01.1985 Книги
Изтеглен Не е изгубен Universal Decimal Classification Не е повреден без рестрикции заемане за дома 313949 Регионална библиотека "Любен Каравелов" Русе Регионална библиотека "Любен Каравелов" Русе Заемна - подръчен фонд 1985-01-01 Заемна - подръчен фонд 1.10 439546 П 372.36/Д 22 439546 2 0.56 Вид: Сф N: стар фонд Дата: 01.01.1985 Книги
Изтеглен Не е изгубен Universal Decimal Classification Не е повреден без рестрикции заемане за дома 313950 Регионална библиотека "Любен Каравелов" Русе Регионална библиотека "Любен Каравелов" Русе Заемна - подръчен фонд 1985-01-01 Заемна - подръчен фонд 1.10 439547 П 372.36/Д 22 439547 3 0.56 Вид: Сф N: стар фонд Дата: 01.01.1985 Книги
Изтеглен Не е изгубен Universal Decimal Classification Не е повреден без рестрикции заемане за дома 313951 Регионална библиотека "Любен Каравелов" Русе Регионална библиотека "Любен Каравелов" Русе Количка 1985-01-01 Заемна - подръчен фонд 1.10 439548 373.2.016/Д 22 Р 120000439548 4 0.56 Вид: Сф N: стар фонд Дата: 01.01.1985 Дата инв: 07.02.2018 Бележки инв: П2018 Книги
Vip Innovations Ltd, Rousse, Bulgaria 2025